Un mar invisible / (Registro nro. 178843)
[ vista simple ]
| 000 -LEADER | |
|---|---|
| campo de control de longitud fija | 00948nam a2200253 4500 |
| 001 - NÚMERO DE CONTROL | |
| campo de control | 178843 |
| 003 - IDENTIFICADOR DE NÚMERO DE CONTROL | |
| campo de control | ES-MaACL |
| 005 - FECHA Y HORA DE LA ÚLTIMA TRANSACCIÓN | |
| campo de control | 20251121134448.0 |
| 008 - DATOS DE LONGITUD FIJA--INFORMACIÓN GENERAL | |
| campo de control de longitud fija | 110715s2009 sp |||| | spa d |
| 020 ## - NÚMERO INTERNACIONAL ESTÁNDAR DEL LIBRO | |
| Número Internacional Estándar del Libro | 978-84-613-4908-1 |
| 080 ## - NÚMERO DE LA CLASIFICACIÓN DECIMAL UNIVERSAL | |
| Número de la Clasificación Decimal Universal | 821.134.2-31"19" |
| 100 1# - ENTRADA PRINCIPAL--NOMBRE DE PERSONA | |
| Nombre de persona | Escalera Cordero, Matías. |
| 9 (RLIN) | 139828 |
| 245 13 - MENCIÓN DEL TÍTULO | |
| Título | Un mar invisible / |
| Mención de responsabilidad, etc. | Matías Escalera Cordero ; prólogo, César de Vicente Hernando. |
| 260 ## - PUBLICACIÓN, DISTRIBUCIÓN, ETC. | |
| Lugar de publicación, distribución, etc. | Huelva : |
| Nombre del editor, distribuidor, etc. | IslaVaria, |
| Fecha de publicación, distribución, etc. | 2009. |
| 300 ## - DESCRIPCIÓN FÍSICA | |
| Extensión | 393 p. ; |
| Dimensiones | 24 cm. |
| 490 1# - MENCIÓN DE SERIE | |
| Mención de serie | Islavaria narrativa |
| 500 ## - NOTA GENERAL | |
| Nota general | Ejemplar dedicado y firmado por el autor |
| 700 1# - ENTRADA AGREGADA--NOMBRE PERSONAL | |
| Nombre de persona | Vicente Hernando, César de. |
| 9 (RLIN) | 114361 |
| 830 0# - PUNTO DE ACCESO ADICIONAL DE SERIE-TÍTULO UNIFORME | |
| Título uniforme | Islavaria narrativa |
| 9 (RLIN) | 224350 |
| 852 ## - LOCALIZACIÓN | |
| Ubicación | ES-MaACL |
| itemnumber | 185708 |
| Sublocalización o colección | R.145988 |
| Número de control de estantería | A-11351 |
| Ubicación en estantería | Depósito 1 |
| Signatura antigua | Olim: N-4355 |
| Donativo/Legado | Donación: Matías Escalera Cordero |
| Encuadernación | Encuadernación rústica |
| Nota libre | Dedicatoria autógrafa del autor |
| 942 ## - ELEMENTOS DE ENTRADA SECUNDARIOS (KOHA) | |
| Fuente del sistema de clasificación o colocación | Clasificación decimal universal |
| Tipo de ítem Koha | Libro impreso |
| Suprimir en OPAC | No |
| Estatus retirado | Estado de pérdida | Fuente del sistema de clasificación o colocación | Estado de daño | No para préstamo | Biblioteca de origen | Biblioteca actual | Ubicación en estantería | Fecha de adquisición | Fuente de adquisición | Total de préstamos | Signatura topográfica completa | Código de barras | Visto por última vez | Fecha del último préstamo | Precio de reemplazo | Tipo de ítem Koha |
|---|---|---|---|---|---|---|---|---|---|---|---|---|---|---|---|---|
| Clasificación decimal universal | Biblioteca del Ateneo de Madrid | Biblioteca del Ateneo de Madrid | Depósito 1 | 15/07/2011 | Donación | 2 | A-11351 | 1187863 | 21/11/2025 | 27/10/2025 | 23/02/2023 | Libro impreso |
